000 00709nmm a2200193Ia 4500
008 251105s9999||||xx |||||||||||||||||und||
020 _a9788437059839
041 _aspa
100 _aCoy, Juan José
245 0 _aEntre el espejo y el mundo II :
_b Texto literario y contexto histórico en la literatura norteamericana (II)
264 _a[Madrid, España] :
_bPublicaciones de la Universidad de Valencia (PUV),
_c2004
300 _a408 páginas
490 _aBiblioteca Javier Coy d'estudis nord-americans
650 _aEnglish literature and language
700 _aCoy, Juan José
700 1 _a Ríos Cañavate, José Luis
856 _uhttps://public.digitaliapublishing.com/a/35034
942 _cCF
999 _c64305
_d64305